000 00582nam a2200241Ia 4500
003 OSt
005 20220912151321.0
006 a|||||r|||| 00| 0
007 ta
008 220909b |||||||| |||| 00| 0 eng d
024 _a54332
037 _cTextual
040 _aCSL
_beng
_cCSL
041 _aeng
082 _aJ451.2, J7
100 _aBald Claud
245 0 _aIndian tea
260 _aCalcutta
_bThacker spink
_c1957
300 _aix,431p.
_ccm.
650 _aAgriculture
942 _hJ451.2, J7
_cTEXL
_2CC
999 _c65852
_d65852